| 000 | 01686cas a2200433 i 4500 | ||
|---|---|---|---|
| 999 |
_c235021 _d235021 |
||
| 001 | 19247511 | ||
| 003 | Nust | ||
| 005 | 20170405112908.0 | ||
| 006 | m u | ||
| 007 | cr ||||||||||| | ||
| 008 | 160825c20uu9999pl qr p o | 0eng | ||
| 010 | _a 2017208107 | ||
| 020 | _a81-8189-139-2 | ||
| 035 | _a(OCoLC)ocn972096154 | ||
| 040 | _cASAB | ||
| 042 | _apcc | ||
| 043 | _ae-pl--- | ||
| 050 | 0 | 0 | _aS671 |
| 082 | _a630 | ||
| 130 | 0 | _aAgricultural Engineering (Polish Society of Agricultural Engineering) | |
| 245 | 1 | 0 |
_aConcepts and applications in agricultural engineering : _cby Nikunja Bihari Dash and Mahendra Kumar Mohanty |
| 246 | _aAgricultural engineering. | ||
| 264 | 1 |
_aNew Delhi _bInternational book distributing co. |
|
| 300 |
_aviii, 448 p. ; _c28 cm. |
||
| 310 | _aQuarterly | ||
| 336 |
_atext _btxt _2rdacontent |
||
| 337 |
_acomputer _bc _2rdamedia |
||
| 338 |
_aonline resource _bcr _2rdacarrier |
||
| 588 | _aDescription based on: Volume 20, Issue 1 (Apr. 2016); title from title cover image (De Gruyter Open, viewed February 10, 2017). | ||
| 588 | _aLatest issue consulted: Volume 20, Issue 4 (Dec. 2016) (De Gruyter Open, viewed February 10, 2017). | ||
| 650 | 0 |
_aAgricultural engineering _vPeriodicals. |
|
| 650 | 0 |
_aAgricultural engineering _zPoland _vPeriodicals. |
|
| 650 | 7 |
_aAgricultural engineering. _2fast _0(OCoLC)fst00800726 |
|
| 651 | 7 |
_aPoland. _2fast _0(OCoLC)fst01206891 |
|
| 655 | 7 |
_aPeriodicals. _2fast _0(OCoLC)fst01411641 |
|
| 776 | 0 | 8 | _tAgricultural Engineering |
| 906 |
_a7 _bcbc _cserorig _d2 _encip _f20 _gn-oclcserc |
||
| 942 |
_2ddc _cBK |
||